000 01147nam a2200301 a 4500
001 BRL_211
005 20190320210634.0
008 800912s1978 mx-a#####b---f001-0#spa-#
041 _aspa
044 _amx
050 4 _aNA7244
_b.V58 1978
245 1 0 _aVivienda campesina en México
_ccoordinación general, Valeria Prieto ; colaboraron en la elaboración del texto y en la recopilación de material gráfico, Sonia Carrillo ... [et al].
260 _aMéxico
_bSecretaría de Asentamientos Humanos y Obras Públicas
_c1978
300 _a224 p.
_bil.
_c28 cm.
500 _aIncluye índice alfabético y glosario
500 _aEstado físico: Hojas desprendidas
500 _aAu247
504 _aBibliografía: p. 222-224
650 1 4 _aVivienda campesina
_zMéxico
_923242
650 1 4 _aInstalaciones de la finca
_zMéxico
_923243
650 1 4 _aArquitectura vernácula
_zMéxico
_923244
650 1 4 _aArquitectura y clima
_zMéxico
_923245
700 1 _aPrieto, Valeria
_923246
700 1 _aCarrillo, Sonia
_923247
710 2 _aSecretaría de Asentamientos Humanos y Obras Públicas (México)
_923248
902 _aGRL
942 _2lcc
_cB
999 _c9024
_d9024